Postaci z Muminków - nagła śmierć - Statystyki

Ogólne statystyki
  • Ten quiz został rozwiązany 126 razy
    102 od ostatniego zresetowania
  • Średni wynik to 8 z 17
Answers on the Grid
Answers color-coded by a green-red scale on the quiz's grid according to % correct below.
Mimbla
Ciotka Muminka
Paszczak
Muminek
Ryjówka
Włóczykij
Emilia
Przodek
Mama Muminka
Smużka
Lina
Czarnoksiężnik
Filifionka
Pliszka
Topik
Mała Mi
Topcia
Muchomorek
Buka
Bunia
Tabi
Ogryzek
Panna Migotka
Amelina
Too-tiki
Wandelopka
Migotek
Tata Muminka
Luna
Ryjek
 
Statystyki odpowiedzi
Odpowiedź % Poprawnych
Muminek
86%
Mała Mi
75%
Tata Muminka
73%
Mama Muminka
71%
Włóczykij
71%
Paszczak
70%
Buka
66%
Panna Migotka
64%
Ryjek
60%
Migotek
47%
Filifionka
30%
Mimbla
30%
Too-tiki
27%
Topcia
27%
Topik
26%
Czarnoksiężnik
14%
Przodek
11%
Nie znaleziono quizów pasujących do podanych kryteriów
Rozkład punktacji
Procent ludzi z każdym wynikiem
Percentyl według liczby udzielonych odpowiedzi
Twoja historia wyników
Nie rozwiązałeś tego quizu od ostatniego zresetowania